| 000 | 00579nam a2200157 a 4500 | ||
|---|---|---|---|
| 001 | 000044592 | ||
| 005 | 20201002045502.0 | ||
| 008 | 140721s1966 ag ac 000 0 spa d | ||
| 040 |
_aDO-SdBNP _bspa _cBNPHU |
||
| 100 | 1 |
_aCarter, V. B. _972623 |
|
| 240 | 1 | 0 |
_aWinston Churchill as I knew him. _lEspañol |
| 245 | 1 | 0 |
_aWinston Churchill : _btal como le conocí / _cViolet Bonham Carter ; traducción del inglés, Federico López Cruz. |
| 260 |
_aBuenos Aires : _bEdiciones Selectas, _c1966. |
||
| 300 |
_a416 p. : _bil., retrs. ; _c20 cm. |
||
| 700 | 1 | 2 |
_aLópez Cruz, Federico _etr. _966182 |
| 999 |
_c44081 _d44081 |
||